| 000 | 00650nam a2200229Ia 4500 | ||
|---|---|---|---|
| 005 | 20240216113858.0 | ||
| 008 | 131103s9999 xx 000 0 und d | ||
| 020 |
_a8170223709 _cRs.490 |
||
| 040 | _aLoreto College | ||
| 041 | _aEnglish | ||
| 082 |
_a370.954 _bAGR |
||
| 100 | _aAgrawal,S.P. | ||
| 245 |
_aSecond Historical Survey of Educational Development in India, _cS.P.Agrawal and J.C.Aggarwal |
||
| 260 |
_aDelhi _bConcept Publishing Company _c1990 |
||
| 300 |
_a460 p. _b illus,tables |
||
| 504 | _aIncludes appendix | ||
| 650 | _aEducation | ||
| 651 | _aIndia | ||
| 700 | _aAggarwal,J.C.,auth. | ||
| 850 | _aLCLIB | ||
| 942 | _cBK | ||
| 999 |
_c10336 _d60815 |
||